| 000 | 00577nam a22001577a 4500 | ||
|---|---|---|---|
| 003 | OSt | ||
| 005 | 20251224143647.0 | ||
| 008 | 251218b |||||||| |||| 00| 0 eng d | ||
| 040 | _cDCL | ||
| 082 | _a701.82 | ||
| 245 | _aIndia Perspectives | ||
| 264 |
_aNew Delhi : _bThe Ministry of External Affairs, _c2003. |
||
| 300 |
_a44 pages : _bphotos ; _c28 cm. |
||
| 650 |
_aPerspectives _zIndia |
||
| 942 |
_2ddc _cSHORT TERM _n0 |
||
| 999 |
_c2754 _d2754 |
||